[Event "Mittelfranken Landesliga Sued 2122"]
[Site "Mittelfranken"]
[Date "2022.05.15"]
[Round "5.7"]
[White "Wimmer, Martin1111"]
[Black "Cerpnjak, Mirko"]
[Result "1-0"]
[WhiteElo "2052"]
[BlackElo "1728"]
[PlyCount "67"]
[EventDate "2021.10.24"]
[EventType "team-tourn"]
[EventRounds "9"]
[EventCountry "GER"]
[SourceTitle "EXT 2024"]
[Source "ChessBase"]
[SourceDate "2023.10.10"]
[SourceVersion "1"]
[SourceVersionDate "2023.10.10"]
[SourceQuality "1"]
[WhiteTeam "Garching II"]
[BlackTeam "Groebenzell II"]
[WhiteTeamCountry "GER"]
[BlackTeamCountry "GER"]

1. c4 Nf6 2. Nc3 e5 3. g3 d5 4. cxd5 Nxd5 5. Bg2 Nb6 6. Nf3 Nc6 7. 0-0 Be7 8. d3 0-0 9. a4 a5 10. Be3 Be6 11. d4 e4 12. Nxe4 Nc4 13. Bc1 Bf5 14. Nc3 Bf6 15. e3 Re8 16. b3 Nd6 17. Nd5 Nb4 18. Nxb4 axb4 19. Bd2 c5 20. Rc1 cxd4 21. Nxd4 Bxd4 22. exd4 Qb6 23. Be3 Ne4 24. d5 Qa6 25. Rc4 Nc3 26. Qd2 Nxa4 27. Rxb4 Qd3 28. bxa4 Qxd2 29. Bxd2 Re2 30. Bf4 Ra2 31. d6 R2xa4 32. Rxa4 Rxa4 33. Bxb7 Bd7 34. Rc1 1-0